[Event "Bayamo Cespedes Memorial op"]
[Site "Bayamo"]
[Date "2017.03.06"]
[Round "7.22"]
[White "Gonzalez Carrazana, Yadit"]
[Black "Vazquez Matos, Miguel"]
[Result "1-0"]
[WhiteElo "1952"]
[BlackElo "2039"]
[PlyCount "127"]
[EventDate "2017.03.01"]
[EventType "swiss"]
[EventRounds "9"]
[EventCountry "CUB"]
[SourceTitle "EXT 2023"]
[Source "ChessBase"]
[SourceDate "2022.10.05"]
[SourceVersion "1"]
[SourceVersionDate "2022.10.05"]
[SourceQuality "1"]

1. e4 e6 2. d3 c5 3. Nd2 Nc6 4. Ngf3 d5 5. g3 g6 6. Bg2 Bg7 7. 0-0 Nge7 8. Re1 0-0 9. h4 Bd7 10. Nf1 dxe4 11. dxe4 Nd4 12. c3 Nxf3+ 13. Qxf3 Bc6 14. Bg5 Qc7 15. Bf6 Nf5 16. Bxg7 Nxg7 17. Qe3 b6 18. Nh2 f5 19. e5 Bxg2 20. Kxg2 Rad8 21. Rad1 Rd7 22. Rxd7 Qxd7 23. a3 Rd8 24. Nf3 Qc6 25. Kh2 Nh5 26. Re2 f4 27. Qe4 fxg3+ 28. fxg3 Qxe4 29. Rxe4 Rd3 30. Kg2 Ng7 31. g4 h6 32. Kf2 Rd1 33. Re2 Kf7 34. Kg2 Ke7 35. Nd2 h5 36. gxh5 gxh5 37. Nf3 Nf5 38. Re4 b5 39. a4 a6 40. axb5 axb5 41. Kf2 Rb1 42. Re2 Rd1 43. Rc2 Rd3 44. Rc1 Nh6 45. Ke2 Rd7 46. Ke3 Ra7 47. Kf4 Nf7 48. Rg1 Ra4+ 49. Ke3 Ra2 50. Rg2 Ra7 51. Rg7 Rd7 52. Kf4 Kf8 53. Rg6 Re7 54. Ng5 Nxg5 55. Kxg5 Re8 56. Kxh5 Kf7 57. Rf6+ Ke7 58. Kg5 Rg8+ 59. Rg6 Rf8 60. Rg7+ Ke8 61. h5 Rf5+ 62. Kg6 Rxe5 63. h6 Re2 64. h7 1-0

[Event "Bayamo Cespedes Memorial op"]
[Site "Bayamo"]
[Date "2017.03.06"]
[Round "8.16"]
[White "Ulloa Rey, Luis Ernesto"]
[Black "Gonzalez Carrazana, Yadit"]
[Result "0-1"]
[WhiteElo "1977"]
[BlackElo "1952"]
[PlyCount "64"]
[EventDate "2017.03.01"]
[EventType "swiss"]
[EventRounds "9"]
[EventCountry "CUB"]
[SourceTitle "EXT 2023"]
[Source "ChessBase"]
[SourceDate "2022.10.05"]
[SourceVersion "1"]
[SourceVersionDate "2022.10.05"]
[SourceQuality "1"]

1. e4 e5 2. Nf3 Nc6 3. d4 exd4 4. Nxd4 Bc5 5. Be3 Qf6 6. c3 Nge7 7. Bc4 Ne5 8. Be2 0-0 9. 0-0 d5 10. Nd2 c6 11. f4 N5g6 12. e5 Nxe5 13. fxe5 Qxe5 14. Bf2 f5 15. N2f3 Qd6 16. Nb3 Bxf2+ 17. Rxf2 Bd7 18. Qd4 Ng6 19. c4 Rfe8 20. cxd5 cxd5 21. Rd1 Bc6 22. Bc4 Rad8 23. Rfd2 Nf4 24. g3 Re4 25. Qc5 Qxc5+ 26. Nxc5 Rxc4 27. gxf4 Rxc5 28. Ng5 Re8 29. Nf3 Re4 30. Ne5 Rxf4 31. h3 Re4 32. Nd3 Rcc4 0-1

[Event "Bayamo Cespedes Memorial op"]
[Site "Bayamo"]
[Date "2017.03.04"]
[Round "4.19"]
[White "Gonzalez Carrazana, Yadit"]
[Black "Gonzalez Rodriguez, Emanuel"]
[Result "0-1"]
[WhiteElo "1952"]
[BlackElo "1908"]
[PlyCount "120"]
[EventDate "2017.03.01"]
[EventType "swiss"]
[EventRounds "9"]
[EventCountry "CUB"]
[SourceTitle "EXT 2023"]
[Source "ChessBase"]
[SourceDate "2022.10.05"]
[SourceVersion "1"]
[SourceVersionDate "2022.10.05"]
[SourceQuality "1"]

1. Nf3 Nf6 2. g3 g6 3. Bg2 Bg7 4. d3 d6 5. e4 e5 6. Nc3 Nc6 7. Bg5 h6 8. Be3 Ng4 9. Bd2 0-0 10. h3 Nf6 11. Be3 Be6 12. Qd2 Kh7 13. 0-0-0 a6 14. g4 Nd7 15. Rdg1 b5 16. Bf1 Ne7 17. h4 c5 18. h5 g5 19. Bxg5 hxg5 20. Nxg5+ Kh8 21. Nxe6 fxe6 22. g5 Qa5 23. g6 Rf4 24. h6 Nf6 25. hxg7+ Kxg7 26. f3 b4 27. Qh2 Neg8 28. Qh7+ Nxh7 29. gxh7+ Kf7 30. h8Q Rf8 31. Rg7+ Ke8 32. Rxg8 bxc3 33. Rxf8+ Rxf8 34. Qh5+ Ke7 35. Qg5+ Kd7 36. Qg7+ Kc6 37. bxc3 Qxc3 38. Bg2 Rb8 39. Qa7 Rb6 40. Qa8+ Kb5 41. Qe8+ Ka5 42. Qxe6 Rb2 43. Qb3 Rxb3 44. axb3 Kb4 45. Kb1 Ka3 46. Kc1 Ka2 47. Rd1 Qd4 48. Rf1 Qe3+ 49. Kd1 Kb2 50. Re1 Qc1+ 51. Ke2 Qxc2+ 52. Ke3 Kc3 53. Re2 Qxd3+ 54. Kf2 Qd4+ 55. Kf1 Kxb3 56. Bh3 c4 57. Be6 Kb4 58. Ke1 c3 59. Rc2 Qe3+ 60. Kd1 Qg1+ 0-1

[Event "Bayamo Cespedes Memorial op"]
[Site "Bayamo"]
[Date "2017.03.03"]
[Round "3.24"]
[White "Reyes Fonseca, Ammi Sarai"]
[Black "Gonzalez Carrazana, Yadit"]
[Result "0-1"]
[WhiteElo "1726"]
[BlackElo "1952"]
[PlyCount "72"]
[EventDate "2017.03.01"]
[EventType "swiss"]
[EventRounds "9"]
[EventCountry "CUB"]
[SourceTitle "EXT 2023"]
[Source "ChessBase"]
[SourceDate "2022.10.05"]
[SourceVersion "1"]
[SourceVersionDate "2022.10.05"]
[SourceQuality "1"]

1. e4 e5 2. Nf3 Nc6 3. d4 exd4 4. Nxd4 Bc5 5. Nb3 Bb6 6. Nc3 Nge7 7. Qe2 0-0 8. Be3 Bxe3 9. Qxe3 d6 10. 0-0-0 Be6 11. f3 a5 12. Kb1 a4 13. Nd4 Nxd4 14. Qxd4 Nc6 15. Qf2 a3 16. b3 Qf6 17. Qd2 Rfb8 18. Bb5 Na5 19. Qd4 Qe7 20. Nd5 Bxd5 21. exd5 c6 22. dxc6 bxc6 23. Rhe1 Qf8 24. Bf1 d5 25. Re3 c5 26. Qd2 d4 27. Re4 g6 28. Rh4 Qg7 29. Qh6 Qh8 30. Qc1 c4 31. Rdxd4 cxb3 32. Rb4 bxa2+ 33. Kxa2 Qc3 34. Qxa3 Qxc2+ 35. Rb2 Rxb2+ 36. Qxb2 Nb3+ 0-1